[Event "38th World U20 ch"]
[Site "Yerevan ARM"]
[Date "1999.09.24"]
[Round "7.29"]
[White "Aschenbrenner, Robert"]
[Black "Kumin, Simon"]
[Result "1-0"]
[WhiteElo "2160"]
[BlackElo "2251"]
[EventDate "1999.09.18"]
[PlyCount "79"]

1.e4 e6 2.d4 d5 3.Nc3 Bb4 4.a3 Bxc3+ 5.bxc3 dxe4 6.f3 Bd7 7.Qd2 Bc6 8.Bb2 
Nf6 9.O-O-O Nbd7 10.Qe1 O-O 11.fxe4 Bxe4 12.Nf3 c5 13.c4 cxd4 14.Rxd4 Bg6 
15.Ne5 Qc7 16.Nxg6 hxg6 17.h4 e5 18.Rd3 e4 19.Rdh3 Rfe8 20.h5 gxh5 21.Kb1 
Ne5 22.Be2 Qb6 23.c5 Qxc5 24.Bxh5 Rac8 25.Bd1 Kf8 26.a4 Qb6 27.Rb3 Qc6 28.
Rh8+ Ng8 29.Ba3+ Re7 30.Bxe7+ Kxe7 31.Qb4+ Kf6 32.Qd2 Ne7 33.Rh5 N7g6 34.
Rb5 Qc7 35.Qg5+ Ke6 36.Bg4+ Nxg4 37.Qxg4+ Ke7 38.Qxe4+ Kf8 39.Rxb7 Qd6 40.
Qb4 1-0

[Event "38th World U20 ch"]
[Site "Yerevan ARM"]
[Date "1999.09.24"]
[Round "7.31"]
[White "Korstin, Maris"]
[Black "Aranha Filho, Alvaro Zimmermann"]
[Result "1-0"]
[WhiteElo "2201"]
[BlackElo "2236"]
[EventDate "1999.09.18"]
[PlyCount "111"]

1.e4 Nf6 2.Nc3 d5 3.exd5 Nxd5 4.Bc4 Nb6 5.Be2 Nc6 6.Nf3 e5 7.O-O Be7 8.Bb5
Bg4 9.h3 Bxf3 10.Qxf3 Qd6 11.Re1 O-O 12.Bxc6 bxc6 13.Qg3 Nd7 14.Ne4 Qe6 
15.d3 f5 16.Nd2 Rf6 17.Nb3 Bd6 18.f3 Rg6 19.Qf2 e4 20.Re2 Bg3 21.Qe3 Ne5 
22.dxe4 Rd8 23.Bd2 Nc4 24.exf5 Qxf5 25.Qe4 Qf7 26.Be1 Be5 27.c3 Re8 28.Kh1
Nd6 29.Qd3 Rh6 30.Bd2 Rhe6 31.Rae1 Nf5 32.f4 Rd6 33.Qf3 Red8 34.fxe5 Rd3 
35.Be3 Qg6 36.Kh2 Qe6 37.Nc5 Qxe5+ 38.Qf4 R3d5 39.Qxe5 Rxe5 40.Bf2 Red5 
41.Re8+ Rxe8 42.Rxe8+ Kf7 43.Re2 Nd6 44.Nb3 a6 45.Bg3 Ne8 46.Rd2 Ke6 47.
Kg1 c5 48.Rxd5 Kxd5 49.Kf2 Nf6 50.Nd2 c6 51.Ke3 Nd7 52.c4+ Ke6 53.b3 Kf5 
54.Ne4 a5 55.a4 g5 56.Bc7 1-0

[Event "38th World U20 ch"]
[Site "Yerevan ARM"]
[Date "1999.09.25"]
[Round "8.1"]
[White "Galkin, Alexander"]
[Black "Kasimdzhanov, Rustam"]
[Result "1-0"]
[WhiteElo "2535"]
[BlackElo "2603"]
[EventDate "1999.09.18"]
[PlyCount "97"]

1.e4 d6 2.d4 Nf6 3.Nc3 g6 4.f3 Bg7 5.Be3 c6 6.Qd2 b5 7.Nge2 Nbd7 8.Nf4 O-O
9.Be2 Qc7 10.O-O e5 11.dxe5 Nxe5 12.b3 Bb7 13.a4 b4 14.Na2 a5 15.c3 c5 16.
Rad1 c4 17.Qc2 g5 18.Nd5 Nxd5 19.exd5 Qe7 20.Rfe1 bxc3 21.bxc4 Rfc8 22.c5 
Ng4 23.Bc1 Ne3 24.Bd3 Nxc2 25.Rxe7 Bxd5 26.Bxc2 Bxa2 27.cxd6 Bf6 28.Rb7 
Rab8 29.Rxb8 Rxb8 30.Ba3 Be6 31.Kf2 h5 32.g3 Bd7 33.Rd5 Re8 34.Bc1 g4 35.
Bg5 Bg7 36.fxg4 hxg4 37.Rxa5 Bd4+ 38.Kf1 Be6 39.Be7 f6 40.Ke1 Rb8 41.Rb5 
Rxb5 42.axb5 Bd7 43.Bd3 Kf7 44.Bd8 Ke6 45.b6 Be5 46.Bc4+ Kf5 47.Bc7 Bc6 
48.Bb5 Be4 49.Bd7+ 1-0

[Event "38th World U20 ch"]
[Site "Yerevan ARM"]
[Date "1999.09.25"]
[Round "8.2"]
[White "Aronian, Levon"]
[Black "Asrian, Karen"]
[Result "1-0"]
[WhiteElo "2518"]
[BlackElo "2575"]
[EventDate "1999.09.18"]
[PlyCount "85"]

1.Nf3 Nf6 2.g3 d5 3.Bg2 c6 4.O-O Bg4 5.d3 Nbd7 6.Nbd2 e5 7.e4 dxe4 8.dxe4 
Bc5 9.h3 Bh5 10.Qe1 O-O 11.Nc4 Re8 12.a4 Qc7 13.Nh4 Rad8 14.Bg5 Bg6 15.
Nxg6 hxg6 16.c3 a5 17.h4 b6 18.Bh3 Be7 19.b4 axb4 20.cxb4 b5 21.axb5 cxb5 
22.Na5 Nb6 23.Qe2 Nc4 24.Rfc1 Rd4 25.Be3 Rxe4 26.Bg2 Rg4 27.Bc6 Rb8 28.
Nxc4 Rxc4 29.Rxc4 bxc4 30.b5 c3 31.Qc4 c2 32.Rc1 e4 33.Qe2 Bd6 34.Kg2 Qa5 
35.Rxc2 Bc7 36.Qd2 Ng4 37.Bd4 Qxd2 38.Rxd2 e3 39.fxe3 Ne5 40.Rc2 Nxc6 41.
Rxc6 Ba5 42.b6 Kf8 43.Kf3 1-0

[Event "38th World U20 ch"]
[Site "Yerevan ARM"]
[Date "1999.09.25"]
[Round "8.3"]
[White "Naumann, Alexander"]
[Black "Gershon, Alik"]
[Result "1-0"]
[WhiteElo "2478"]
[BlackElo "2492"]
[EventDate "1999.09.18"]
[PlyCount "89"]

1.e4 c5 2.Nf3 d6 3.d4 Nf6 4.Nc3 cxd4 5.Nxd4 Nc6 6.Bc4 Qb6 7.Nb3 e6 8.Be3 
Qc7 9.Bd3 a6 10.f4 b5 11.Qf3 Bb7 12.O-O Be7 13.Qh3 h5 14.a4 b4 15.Nd1 Ng4 
16.Bd2 Na5 17.Nxa5 Qxa5 18.Kh1 Rc8 19.Ne3 Nf6 20.Nc4 Rxc4 21.Bxc4 Nxe4 22.
Be1 h4 23.Bd3 f5 24.Bxe4 Bxe4 25.c3 b3 26.Bf2 g5 27.fxg5 Bxg5 28.Rfe1 d5 
29.Ra3 Bf4 30.Rxb3 Qxa4 31.Rb6 Kd7 32.Rb7+ Kc8 33.Rg7 Qc2 34.Bd4 Qd2 35.
Rg1 Rh6 36.b4 Qe2 37.Ra1 Bd2 38.b5 Qxb5 39.c4 Qb4 40.Rxa6 dxc4 41.Raa7 Rh8
42.Qxh4 Rf8 43.Qg3 f4 44.Qg4 Bd5 45.Ra8+ 1-0

[Event "38th World U20 ch"]
[Site "Yerevan ARM"]
[Date "1999.09.25"]
[Round "8.4"]
[White "Svetuschin, Dumitru"]
[Black "Zhang Pengxiang"]
[Result "0-1"]
[WhiteElo "2486"]
[BlackElo "2462"]
[EventDate "1999.09.18"]
[PlyCount "88"]

1.e4 e5 2.Nf3 d6 3.d4 Nd7 4.Bc4 c6 5.a4 Be7 6.Nc3 Ngf6 7.O-O O-O 8.Re1 a5 
9.h3 h6 10.Ba2 Nh7 11.Ne2 Ng5 12.Nxg5 hxg5 13.dxe5 dxe5 14.Ng3 g6 15.Qf3 
Nc5 16.Rd1 Qc7 17.h4 gxh4 18.Nf5 Be6 19.Be3 Bxa2 20.Rxa2 Ne6 21.Bb6 Qxb6 
22.Nxe7+ Kg7 23.Nf5+ gxf5 24.exf5 Ng5 25.Qh5 Nh7 26.Rd6 Rad8 27.Rh6 Rd1+ 
28.Kh2 Qd4 29.Rxh7+ Kf6 30.Rh6+ Ke7 31.Qxh4+ Qxh4+ 32.Rxh4 Rd2 33.Kg1 Rxc2
34.Re4 Kf6 35.g4 Rd8 36.Ra3 Rxb2 37.Rf3 Rd5 38.Rfe3 Rb4 39.f3 Rxe4 40.fxe4
Rd4 41.Kf2 Rxa4 42.Kg3 Kg5 43.Kf3 b5 44.Rd3 Rd4 0-1

[Event "38th World U20 ch"]
[Site "Yerevan ARM"]
[Date "1999.09.25"]
[Round "8.6"]
[White "Lopez Martinez, Josep Manuel"]
[Black "Dervishi, Erald"]
[Result "1/2-1/2"]
[WhiteElo "2378"]
[BlackElo "2496"]
[EventDate "1999.09.18"]
[PlyCount "116"]

1.d4 Nf6 2.c4 e6 3.Nc3 d5 4.cxd5 exd5 5.Bg5 Be7 6.e3 O-O 7.Bd3 Nbd7 8.Nge2
Re8 9.Qc2 Nf8 10.O-O c6 11.f3 Ng6 12.Rad1 Be6 13.Ng3 Rc8 14.Bf5 Bxf5 15.
Nxf5 h6 16.Bxf6 Bxf6 17.e4 Ne7 18.Nxe7+ Bxe7 19.exd5 cxd5 20.Qb3 Bd6 21.f4
Qb6 22.Qxb6 axb6 23.Rf2 Rc4 24.g3 Ra8 25.Re2 Rd8 26.Kf1 Bb4 27.Nb5 Kf8 28.
a3 Be7 29.Rde1 Rd7 30.Kf2 g6 31.Ke3 Bf6 32.Kd3 Rd8 33.b3 Rc6 34.Nc3 h5 35.
Rc2 Be7 36.Nb5 Rdc8 37.Rec1 Ke8 38.Rxc6 bxc6 39.Na7 Rc7 40.Nxc6 Bxa3 41.
Rc2 Bd6 42.Re2+ Kf8 43.Ne5 Kg7 44.Ra2 f6 45.Nf3 Bb4 46.Rc2 Rxc2 47.Kxc2 
Kf7 48.Kd3 Bd6 49.Ke3 Ke6 50.h3 Ba3 51.Nh4 g5 52.f5+ Kd7 53.Ng2 Bf8 54.Ke2
Kc6 55.Ne1 Kb5 56.Nc2 g4 57.hxg4 hxg4 58.Kd3 Bh6 1/2-1/2

[Event "38th World U20 ch"]
[Site "Yerevan ARM"]
[Date "1999.09.25"]
[Round "8.8"]
[White "Gaprindashvili, Valerian"]
[Black "Jenni, Florian"]
[Result "1/2-1/2"]
[WhiteElo "2390"]
[BlackElo "2399"]
[EventDate "1999.09.18"]
[PlyCount "114"]

1.d4 Nf6 2.c4 g6 3.g3 Bg7 4.Bg2 O-O 5.Nc3 d6 6.Nf3 Nc6 7.O-O a6 8.d5 Na5 
9.Nd2 c5 10.Qc2 Rb8 11.b3 b5 12.Rb1 Qc7 13.Bb2 Bf5 14.e4 Bd7 15.Ne2 bxc4 
16.bxc4 Rb4 17.Bc3 Ra4 18.Ba1 Rb8 19.Nf4 Rab4 20.Nd3 Ba4 21.Qc1 Rxb1 22.
Nxb1 Ne8 23.Nd2 Bxa1 24.Qxa1 Bc2 25.Ne1 Ba4 26.Nd3 Bc2 27.Ne1 Ba4 28.Qc1 
e5 29.Nd3 f6 30.Qc3 Bd7 31.f4 Nb7 32.Rb1 Nd8 33.Rxb8 Qxb8 34.Qa5 Qc8 35.
Qb6 Nf7 36.fxe5 Nxe5 37.Nxe5 fxe5 38.Bf1 Kf8 39.Nb3 Ba4 40.Be2 Bxb3 41.
axb3 h5 42.Kg2 Ke7 43.Qa7+ Qd7 44.Qxa6 Nf6 45.Bf3 g5 46.Kg1 h4 47.gxh4 
gxh4 48.Qa2 Qb7 49.Kg2 Kf7 50.Kh3 Qb4 51.Qe2 Qxb3 52.Kxh4 Qb1 53.Qg2 Qc1 
54.Bh5+ Kf8 55.Qf3 Kg7 56.Qg3+ Kf8 57.Qf3 Kg7 1/2-1/2

[Event "38th World U20 ch"]
[Site "Yerevan ARM"]
[Date "1999.09.25"]
[Round "8.9"]
[White "Bunzmann, Dimitrij"]
[Black "Halkias, Stelios"]
[Result "0-1"]
[WhiteElo "2596"]
[BlackElo "2406"]
[EventDate "1999.09.18"]
[PlyCount "60"]

1.d4 Nf6 2.c4 c5 3.d5 b5 4.cxb5 a6 5.bxa6 g6 6.Nc3 Bxa6 7.g3 Bg7 8.Bg2 d6 
9.Nf3 Nbd7 10.O-O Nb6 11.Re1 O-O 12.e4 Nfd7 13.Qc2 Nc4 14.Rd1 Qa5 15.Nd2 
Nce5 16.Bf1 c4 17.Rb1 Rac8 18.Be2 Nc5 19.Nf1 Ned3 20.Ne3 Bxc3 21.bxc3 Bb5 
22.Bxd3 cxd3 23.Qb2 Nxe4 24.c4 Ba4 25.Rxd3 Rb8 26.Qxb8 Qe1+ 27.Kg2 Qxf2+ 
28.Kh3 Bd7+ 29.Ng4 Bxg4+ 30.Kh4 Qf6+ 0-1

[Event "38th World U20 ch"]
[Site "Yerevan ARM"]
[Date "1999.09.25"]
[Round "8.10"]
[White "Chibukhchian, Artur"]
[Black "Iliushin, Alexei"]
[Result "0-1"]
[WhiteElo "2413"]
[BlackElo "2527"]
[EventDate "1999.09.18"]
[PlyCount "90"]

1.d4 e6 2.c4 f5 3.Nc3 Nf6 4.Nf3 Bb4 5.Qc2 b6 6.a3 Bxc3+ 7.Qxc3 Bb7 8.g3 
O-O 9.Bg2 Be4 10.O-O a5 11.a4 Nc6 12.b3 h6 13.Ba3 d6 14.Rad1 Qe8 15.d5 
exd5 16.cxd5 Nxd5 17.Qc4 Ne7 18.Nd4 Bxg2 19.Kxg2 Qf7 20.Nb5 Rac8 21.Rd4 f4
22.gxf4 c5 23.Re4 Nf5 24.Rd1 Nf6 25.Qxf7+ Kxf7 26.Rc4 d5 27.Rc2 d4 28.Bc1 
Rcd8 29.Kf3 Rfe8 30.e3 dxe3 31.Rxd8 exf2 32.Rd1 Re1 33.Rd7+ Nxd7 34.Kxf2 
Rd1 35.Rd2 Rxd2+ 36.Bxd2 Ke6 37.Bc3 Kd5 38.Nc7+ Ke4 39.Ne6 g6 40.Ke2 Nd4+ 
41.Nxd4 cxd4 42.Bd2 Nc5 43.f5 d3+ 44.Kd1 Kxf5 45.Be3 Ke4 0-1

[Event "38th World U20 ch"]
[Site "Yerevan ARM"]
[Date "1999.09.25"]
[Round "8.11"]
[White "Vajda, Levente"]
[Black "De Vreugt, Dennis"]
[Result "1-0"]
[WhiteElo "2462"]
[BlackElo "2398"]
[EventDate "1999.09.18"]
[PlyCount "97"]

1.e4 e5 2.Nf3 Nc6 3.Bb5 a6 4.Ba4 Nf6 5.O-O Be7 6.Re1 b5 7.Bb3 O-O 8.a4 Bb7
9.Nc3 Nd4 10.Nxd4 exd4 11.Nd5 Nxd5 12.Bxd5 Bxd5 13.exd5 d3 14.axb5 Bc5 15.
Qf3 Re8 16.Rf1 dxc2 17.bxa6 Qh4 18.b3 Qe4 19.Qxe4 Rxe4 20.Bb2 Bd4 21.Bc3 
Bxc3 22.dxc3 Re2 23.d6 c5 24.b4 cxb4 25.cxb4 Rd2 26.b5 Rxd6 27.Rfc1 Rb6 
28.Ra5 Rd6 29.Raa1 Rb6 30.Rxc2 Rxb5 31.Rc7 Kf8 32.a7 Ke8 33.Rac1 Ke7 34.
Rd1 Rd8 35.a8=Q Rxa8 36.Rdxd7+ Ke6 37.Re7+ Kd6 38.Rcd7+ Kc6 39.g3 f6 40.
Rxg7 Ra2 41.Ra7 Rxa7 42.Rxa7 Kd5 43.Rxh7 Ke6 44.g4 Rb4 45.h3 Ke5 46.Kg2 
Rb2 47.Kg3 Rb3+ 48.f3 Re3 49.Re7+ 1-0

[Event "38th World U20 ch"]
[Site "Yerevan ARM"]
[Date "1999.09.25"]
[Round "8.12"]
[White "Pinski, Jan"]
[Black "Marcelin, Cyril"]
[Result "1/2-1/2"]
[WhiteElo "2444"]
[BlackElo "2395"]
[EventDate "1999.09.18"]
[PlyCount "108"]

1.e4 e5 2.Nf3 Nc6 3.Bb5 Nf6 4.O-O Nxe4 5.d4 Nd6 6.Bxc6 dxc6 7.dxe5 Nf5 8.
Qxd8+ Kxd8 9.Nc3 Ke8 10.h3 Ne7 11.Ne4 Ng6 12.Re1 h6 13.Nd4 c5 14.Nb5 Kd7 
15.f4 Kc6 16.a4 Be7 17.Be3 a6 18.Nbc3 h5 19.Rad1 Be6 20.Rf1 Nh4 21.Bf2 Nf5
22.g3 b5 23.Kg2 g6 24.Kf3 Rad8 25.g4 hxg4+ 26.hxg4 Nh6 27.axb5+ axb5 28.
Rg1 b4 29.Rxd8 Rxd8 30.Ne2 Ra8 31.Be3 Ra2 32.Bc1 Ra1 33.Nf2 Bd5+ 34.Ke3 c4
35.Ne4 Kb7 36.Kd4 c6 37.Nd2 Ra5 38.Ke3 Bc5+ 39.Nd4 Ra1 40.Ne4 Nxg4+ 41.
Rxg4 Bxd4+ 42.Kxd4 Rxc1 43.Nd6+ Kc7 44.c3 Rc2 45.Nxc4 b3 46.Rh4 Kd8 47.
Rh8+ Ke7 48.Ne3 Rxb2 49.Nxd5+ cxd5 50.Rb8 Rb1 51.Kxd5 b2 52.Rb7+ Kd8 53.
Kc6 Ke8 54.Kc5 Rc1 1/2-1/2

[Event "38th World U20 ch"]
[Site "Yerevan ARM"]
[Date "1999.09.25"]
[Round "8.14"]
[White "Vuckovic, Bojan"]
[Black "Kidambi, Sundararajan"]
[Result "1/2-1/2"]
[WhiteElo "2433"]
[BlackElo "2334"]
[EventDate "1999.09.18"]
[PlyCount "59"]

1.e4 c6 2.d4 d5 3.Nc3 dxe4 4.Nxe4 Nd7 5.Ng5 Ngf6 6.Bd3 e6 7.N1f3 Bd6 8.Qe2
h6 9.Ne4 Nxe4 10.Qxe4 Qc7 11.Bd2 b6 12.O-O-O Bb7 13.Qe2 O-O-O 14.Rhe1 Bf4 
15.Ba6 Bxa6 16.Qxa6+ Kb8 17.Bxf4 Qxf4+ 18.Re3 Rhe8 19.g3 Qc7 20.Qe2 Nf6 
21.Ne5 Nd5 22.Rf3 f6 23.Ng6 c5 24.Nf4 cxd4 25.Rxd4 Nxf4 26.Rfxf4 e5 27.
Rxd8+ Rxd8 28.Rc4 Qb7 29.f3 Qd5 30.a4 1/2-1/2

[Event "38th World U20 ch"]
[Site "Yerevan ARM"]
[Date "1999.09.25"]
[Round "8.15"]
[White "Smetankin, Stanislav"]
[Black "Matikozian, Andranik"]
[Result "1-0"]
[WhiteElo "2385"]
[BlackElo "2427"]
[EventDate "1999.09.18"]
[PlyCount "105"]

1.c4 Nf6 2.Nc3 g6 3.d4 Bg7 4.e4 d6 5.f3 O-O 6.Be3 Nc6 7.Nge2 a6 8.Qd2 Rb8 
9.Rd1 b5 10.Nc1 bxc4 11.Bxc4 e5 12.dxe5 Nxe5 13.Be2 Re8 14.O-O Qe7 15.Nb3 
Nc6 16.Nd4 Nxd4 17.Bxd4 Bb7 18.Bc4 Nd7 19.Ba7 Ra8 20.Bf2 Ne5 21.Bd5 c6 22.
Bb3 Rad8 23.Bb6 Rd7 24.f4 Ng4 25.e5 d5 26.Ne4 Qh4 27.g3 Qh5 28.Qg2 c5 29.
Nxc5 Ne3 30.Qf3 Qxf3 31.Rxf3 Nxd1 32.Nxd7 Nxb2 33.Nc5 Bc6 34.Nxa6 Bf8 35.
Bc5 Nc4 36.Bxf8 Kxf8 37.Rc3 Rd8 38.Nb4 Bb7 39.Rd3 Nb6 40.Kf2 Ke7 41.Ke3 
Ke6 42.Kd4 f6 43.Re3 Ra8 44.Nd3 fxe5+ 45.Rxe5+ Kf6 46.Nc5 Bc8 47.a4 Bg4 
48.Bxd5 Nxd5 49.Rxd5 Bd1 50.a5 Bf3 51.Re5 h6 52.Kc4 g5 53.Nd7+ 1-0

[Event "38th World U20 ch"]
[Site "Yerevan ARM"]
[Date "1999.09.25"]
[Round "8.16"]
[White "Berg, Emanuel"]
[Black "Janssen, Ruud"]
[Result "1/2-1/2"]
[WhiteElo "2348"]
[BlackElo "2448"]
[EventDate "1999.09.18"]
[PlyCount "88"]

1.e4 c5 2.Nf3 d6 3.d4 cxd4 4.Nxd4 Nf6 5.Nc3 a6 6.Be3 Ng4 7.Bg5 h6 8.Bh4 g5
9.Bg3 Bg7 10.Be2 h5 11.Bxg4 Bxg4 12.f3 Bd7 13.Qd2 Nc6 14.Bf2 Qa5 15.O-O-O 
Rc8 16.Kb1 Be6 17.Nd5 Qxd2 18.Rxd2 Bxd4 19.Bxd4 Nxd4 20.Rxd4 Rc5 21.Re1 
Kd7 22.Nb6+ Kc7 23.Nd5+ Kd7 24.a4 Bxd5 25.exd5 e5 26.dxe6+ fxe6 27.Red1 
Rc6 28.h4 gxh4 29.Rxh4 Rg8 30.Rxh5 Rxg2 31.Rh7+ Kc8 32.c3 Rb6 33.b4 Rc6 
34.Rd3 d5 35.Rh4 Kb8 36.Rh1 Rc8 37.Rc1 Rf8 38.Rc2 Rg3 39.Rf2 e5 40.Rfd2 e4
41.fxe4 Rxd3 42.Rxd3 dxe4 43.Rd4 Rf1+ 44.Kc2 Rf2+ 1/2-1/2

[Event "38th World U20 ch"]
[Site "Yerevan ARM"]
[Date "1999.09.25"]
[Round "8.17"]
[White "Rizouk, Aimen"]
[Black "Pert, Nicholas"]
[Result "1/2-1/2"]
[WhiteElo "2312"]
[BlackElo "2425"]
[EventDate "1999.09.18"]
[PlyCount "65"]

1.e4 e6 2.d4 d5 3.Nd2 Nf6 4.Bd3 c5 5.e5 Nfd7 6.c3 Nc6 7.Ne2 cxd4 8.cxd4 f6
9.exf6 Nxf6 10.O-O Bd6 11.Nf3 Qb6 12.Nc3 O-O 13.a3 Bd7 14.Be3 Be8 15.b4 
Bh5 16.Be2 a6 17.h3 Rae8 18.Na4 Qd8 19.Nc5 Bb8 20.Rc1 Ne4 21.Nxa6 bxa6 22.
Rxc6 Qd7 23.Qc2 e5 24.Rc1 Bxf3 25.Bxf3 exd4 26.Bxd4 Rxf3 27.gxf3 Ng5 28.
Rc8 Nxf3+ 29.Kg2 Nh4+ 30.Kg1 Nf3+ 31.Kg2 Nh4+ 32.Kg1 Nf3+ 33.Kg2 1/2-1/2

[Event "38th World U20 ch"]
[Site "Yerevan ARM"]
[Date "1999.09.25"]
[Round "8.18"]
[White "Perelshteyn, Eugene"]
[Black "Lipinsky, Fabian"]
[Result "1-0"]
[WhiteElo "2416"]
[BlackElo "2331"]
[EventDate "1999.09.18"]
[PlyCount "116"]

1.e4 c5 2.Nf3 d6 3.d4 cxd4 4.Nxd4 Nf6 5.Nc3 Nc6 6.f4 Qb6 7.Nf3 e5 8.Nd5 
Nxd5 9.exd5 Ne7 10.fxe5 dxe5 11.Nxe5 Bf5 12.Qe2 Qa5+ 13.Bd2 Qxd5 14.Qb5+ 
Bd7 15.Nxd7 Qxd7 16.O-O-O O-O-O 17.Qxd7+ Rxd7 18.g3 h5 19.Bh3 f5 20.Be3 g6
21.Rxd7 Kxd7 22.Bxa7 Bh6+ 23.Kb1 Nc6 24.Rd1+ Ke6 25.Bc5 Rd8 26.Rxd8 Nxd8 
27.Bg2 f4 28.gxf4 Bxf4 29.h3 Bc7 30.c4 Ke5 31.Bg1 Kf5 32.b4 g5 33.c5 g4 
34.b5 h4 35.a4 Kf4 36.Bf2 g3 37.Bg1 Ba5 38.Kc2 Be1 39.Kd3 Bf2 40.Bxf2 gxf2
41.Kd4 Ne6+ 42.Kd5 Nc7+ 43.Kd6 Ne8+ 44.Kd7 Nf6+ 45.Kc8 Ne4 46.c6 bxc6 47.
b6 c5 48.Kd8 Nd6 49.Kd7 Ke5 50.a5 c4 51.a6 c3 52.b7 c2 53.b8=Q c1=Q 54.
Qxd6+ Kf5 55.a7 f1=Q 56.Bxf1 Qa1 57.Bd3+ Kg5 58.Qg6+ Kf4 1-0

[Event "38th World U20 ch"]
[Site "Yerevan ARM"]
[Date "1999.09.25"]
[Round "8.19"]
[White "Khamrakulov, Ibragim"]
[Black "Bucinskas, Valdas"]
[Result "1/2-1/2"]
[WhiteElo "2383"]
[BlackElo "2248"]
[EventDate "1999.09.18"]
[PlyCount "202"]

1.e4 c5 2.c3 d5 3.exd5 Qxd5 4.d4 Nf6 5.Na3 e6 6.Nf3 Nc6 7.Be3 cxd4 8.Nb5 
Qd8 9.Nbxd4 Nxd4 10.Bxd4 Be7 11.Bd3 O-O 12.Qc2 h6 13.O-O-O Qa5 14.Kb1 b5 
15.Be4 Nxe4 16.Qxe4 e5 17.Qxe5 Bf6 18.Qg3 Bxd4 19.Nxd4 Qb6 20.Rhe1 b4 21.
cxb4 Qxb4 22.Nc6 Qa4 23.Ne7+ Kh8 24.Nxc8 Raxc8 25.b3 Qb4 26.Qe3 Qb5 27.Qd3
Qb6 28.Qd4 Qg6+ 29.Qe4 Qf6 30.f3 a5 31.Rd4 a4 32.Rxa4 Rfd8 33.Rc4 Rxc4 34.
Qxc4 g6 35.Qc2 Qf4 36.Qc1 Rd2 37.Re4 Qd6 38.Qc3+ Kh7 39.Re7 Rd1+ 40.Kc2 
Qxe7 41.Kxd1 Qd6+ 42.Qd2 Qxh2 43.b4 Qg1+ 44.Kc2 Qf1 45.Kb3 h5 46.a4 h4 47.
b5 h3 48.gxh3 Qxf3+ 49.Qc3 Qf5 50.Ka3 Qb1 51.Qc7 Qa1+ 52.Kb4 Qe1+ 53.Kc5 
Qe3+ 54.Kb4 Qe1+ 55.Qc3 Qe4+ 56.Ka5 Qa8+ 57.Kb4 Qe4+ 58.Qc4 Qe7+ 59.Kb3 
Qa7 60.Qh4+ Kg7 61.Kb4 Qe3 62.Qc4 Kg8 63.a5 Qd2+ 64.Qc3 Qd6+ 65.Kc4 Qc7+ 
66.Kb3 Qd7 67.b6 Qb5+ 68.Ka3 Kh7 69.Qb4 Qd3+ 70.Qb3 Qd6+ 71.Ka4 Qd7+ 72.
Kb4 Qe7+ 73.Kb5 Qe8+ 74.Kc5 Qc8+ 75.Kd4 Qh8+ 76.Kd3 Qd8+ 77.Kc2 Qc8+ 78.
Kb2 Qb7 79.Qc4 Qf3 80.Qc3 Qe2+ 81.Ka3 Qb5 82.Qb4 Qd3+ 83.Qb3 Qd6+ 84.Ka4 
Qd7+ 85.Kb4 Qe7+ 86.Kb5 Qe8+ 87.Kc5 Qc8+ 88.Kd4 Qh8+ 89.Ke4 Qe8+ 90.Kf4 
Qb8+ 91.Kf3 Qb7+ 92.Kf2 Kg8 93.Qb5 f5 94.Qc4+ Kh8 95.Qc7 Qd5 96.b7 Qd2+ 
97.Kf3 Qd3+ 98.Kf4 Qd2+ 99.Kg3 Qe3+ 100.Kg2 Qe2+ 101.Kg3 Qe3+ 1/2-1/2

[Event "38th World U20 ch"]
[Site "Yerevan ARM"]
[Date "1999.09.25"]
[Round "8.20"]
[White "Starostits, Ilmars"]
[Black "Budnikov, Oleg"]
[Result "0-1"]
[WhiteElo "2358"]
[BlackElo "2331"]
[EventDate "1999.09.18"]
[PlyCount "54"]

1.e4 c5 2.Nf3 Nc6 3.d4 cxd4 4.Nxd4 Nf6 5.Nc3 d6 6.h3 g6 7.g4 Bg7 8.Be3 O-O
9.Bg2 Bd7 10.g5 Ne8 11.h4 Ne5 12.h5 Nc4 13.hxg6 fxg6 14.e5 Nxe3 15.fxe3 
Bxe5 16.Bd5+ Kg7 17.Qd3 Nc7 18.Bxb7 Rb8 19.Be4 Ne6 20.O-O-O Nc5 21.Qe2 
Nxe4 22.Nxe4 Qa5 23.a3 Rfc8 24.Rdf1 Qb6 25.c3 d5 26.Nf2 Rxc3+ 27.Kb1 Rxe3 
0-1

[Event "38th World U20 ch"]
[Site "Yerevan ARM"]
[Date "1999.09.25"]
[Round "8.21"]
[White "Hansen, Torbjorn Ringdal"]
[Black "Sargissian, Gabriel"]
[Result "0-1"]
[WhiteElo "2259"]
[BlackElo "2470"]
[EventDate "1999.09.18"]
[PlyCount "76"]

1.c4 f5 2.Nf3 Nf6 3.g3 e6 4.Bg2 d5 5.d4 c6 6.O-O Bd6 7.Bf4 Bxf4 8.gxf4 O-O
9.e3 Nbd7 10.Ne5 Qe7 11.Nd2 Nxe5 12.dxe5 Ne4 13.Rc1 Bd7 14.Nb3 b6 15.cxd5 
cxd5 16.Nd4 Rfc8 17.Rxc8+ Rxc8 18.f3 Nc5 19.Qd2 Nb7 20.b4 Nd8 21.a3 Nc6 
22.Nxc6 Bxc6 23.Rc1 Qd7 24.Bf1 Bb7 25.Rc2 h6 26.Qc1 Rxc2 27.Qxc2 d4 28.Qd3
Qc6 29.exd4 Qc1 30.Kg2 Qxf4 31.Be2 Kh7 32.Bd1 Qc1 33.Kg3 Bd5 34.Kg2 b5 35.
a4 bxa4 36.Bxa4 Qb2+ 37.Kg3 Qxb4 38.Be8 a5 0-1

[Event "38th World U20 ch"]
[Site "Yerevan ARM"]
[Date "1999.09.25"]
[Round "8.22"]
[White "Jakupovic, Neven"]
[Black "Peralta, Fernando"]
[Result "1-0"]
[WhiteElo "2263"]
[BlackElo "2433"]
[EventDate "1999.09.18"]
[PlyCount "81"]

1.e4 Nf6 2.e5 Nd5 3.d4 d6 4.c4 Nb6 5.exd6 exd6 6.Nc3 Be7 7.Be3 O-O 8.Nf3 
Bg4 9.d5 Bf6 10.Rc1 N8d7 11.b3 Re8 12.Be2 Bxf3 13.gxf3 a5 14.Ne4 Bh4 15.
Qd4 Ne5 16.Rg1 g6 17.Kd1 a4 18.b4 Qe7 19.a3 Rac8 20.Rc2 f5 21.Ng5 Bxg5 22.
Bxg5 Qf7 23.Bc1 Rf8 24.Bb2 Qf6 25.c5 Nbd7 26.f4 Ng4 27.Bb5 Qxd4+ 28.Bxd4 
Rcd8 29.cxd6 cxd6 30.Bxa4 Nxh2 31.Rc7 Nf6 32.Bxf6 Rxf6 33.Rh1 Ng4 34.Rhxh7
Nxf2+ 35.Ke2 Ne4 36.Rcg7+ Kf8 37.Rxb7 Kg8 38.Rbg7+ Kf8 39.Rb7 Kg8 40.Bc6 
Ng3+ 41.Kf3 1-0

[Event "38th World U20 ch"]
[Site "Yerevan ARM"]
[Date "1999.09.25"]
[Round "8.23"]
[White "Dovramadiev, Tikhomir"]
[Black "Williams, Simon"]
[Result "1/2-1/2"]
[WhiteElo "2254"]
[BlackElo "2421"]
[EventDate "1999.09.18"]
[PlyCount "84"]

1.e4 e6 2.d3 c5 3.g3 Nc6 4.Bg2 g6 5.Nc3 Bg7 6.f4 Nge7 7.Nf3 d5 8.e5 b5 9.
O-O Qb6 10.Ne2 h5 11.Be3 Nf5 12.Bf2 Bb7 13.c3 a5 14.Qd2 Bf8 15.h3 Be7 16.
Rfc1 Qa6 17.d4 cxd4 18.Nexd4 Ncxd4 19.cxd4 Qb6 20.Ne1 Bb4 21.Qd1 Kd7 22.
Nd3 Rhc8 23.a3 Be7 24.Nc5+ Bxc5 25.dxc5 Qd8 26.b4 Bc6 27.Bf1 axb4 28.axb4 
Kc7 29.Bg2 Qh8 30.Qe1 Qe8 31.Qc3 d4 32.Qd3 Bxg2 33.Kxg2 Qc6+ 34.Qf3 Rd8 
35.Rxa8 Rxa8 36.Qxc6+ Kxc6 37.g4 Ne7 38.Rd1 hxg4 39.hxg4 Rd8 40.Kf3 Rd5 
41.Bh4 Nc8 42.Rd3 Na7 1/2-1/2

[Event "38th World U20 ch"]
[Site "Yerevan ARM"]
[Date "1999.09.25"]
[Round "8.25"]
[White "Arutunian, David"]
[Black "Aschenbrenner, Robert"]
[Result "1/2-1/2"]
[WhiteElo "2318"]
[BlackElo "2160"]
[EventDate "1999.09.18"]
[PlyCount "86"]

1.e4 c5 2.Nf3 Nc6 3.d4 cxd4 4.Nxd4 Nf6 5.Nc3 d6 6.Be2 g6 7.O-O Bg7 8.Nb3 
O-O 9.Kh1 a6 10.f4 Na5 11.e5 Ne8 12.Bf3 Be6 13.Nxa5 Qxa5 14.exd6 Nxd6 15.
Nd5 Bxd5 16.Qxd5 Qc7 17.c3 Rfd8 18.Qb3 Rab8 19.Qc2 b5 20.Qe2 Qc4 21.Qe1 e6
22.Be2 Qe4 23.a4 Nc4 24.axb5 axb5 25.h3 Bf6 26.Qf2 Bh4 27.Bf3 Qd3 28.Qe2 
Qxe2 29.Bxe2 Nd2 30.Rd1 Ne4 31.Rxd8+ Rxd8 32.Kg1 Bf2+ 33.Kf1 Bc5 34.Ra5 b4
35.Bf3 Ng3+ 36.Ke1 Be7 37.Ra8 Rxa8 38.Bxa8 bxc3 39.bxc3 Bc5 40.Kd2 Kf8 41.
Kd3 Ke7 42.Bf3 Kd6 43.Bd2 Nf5 1/2-1/2

[Event "38th World U20 ch"]
[Site "Yerevan ARM"]
[Date "1999.09.25"]
[Round "8.26"]
[White "Brulic, Denis"]
[Black "Mallahi, Amir"]
[Result "1/2-1/2"]
[WhiteElo "2121"]
[BlackElo "2317"]
[EventDate "1999.09.18"]
[PlyCount "104"]

1.e4 c5 2.Nf3 Nc6 3.d4 cxd4 4.Nxd4 Nf6 5.Nc3 e5 6.Ndb5 d6 7.a4 a6 8.Na3 
Be6 9.Bc4 Rc8 10.O-O Be7 11.b3 O-O 12.Bb2 Nd4 13.Qd3 Qa5 14.Rfe1 Rfd8 15.
Bxe6 fxe6 16.Nc4 Qc5 17.a5 Rf8 18.Na4 Qc7 19.Bxd4 exd4 20.Qh3 e5 21.Qe6+ 
Rf7 22.Nab6 Re8 23.Nd5 Nxd5 24.Qxd5 Qc6 25.Ra4 Qxd5 26.exd5 Rc8 27.Rb4 Bf8
28.Rb6 Rc5 29.Nxd6 Bxd6 30.Rxd6 Rxc2 31.f3 d3 32.Rd1 Rfc7 33.Rd8+ Kf7 34.
d6 R7c3 35.d7 Ke7 36.Re8+ Kxd7 37.Rxe5 Rxb3 38.Rd5+ Ke6 39.R5xd3 Rxd3 40.
Rxd3 Rc5 41.Rb3 Rb5 42.Ra3 h5 43.h4 Rb4 44.Kf2 Rb5 45.g4 Kf6 46.Kg3 g6 47.
Kf4 Rb4+ 48.Kg3 Rb5 49.Ra4 Ke5 50.Re4+ Kd6 51.Ra4 Ke5 52.Re4+ Kd6 1/2-1/2

[Event "38th World U20 ch"]
[Site "Yerevan ARM"]
[Date "1999.09.25"]
[Round "8.27"]
[White "Bognar, Csaba"]
[Black "Petrosian, Davit Gevorgi"]
[Result "1-0"]
[WhiteElo "2237"]
[BlackElo "2309"]
[EventDate "1999.09.18"]
[PlyCount "167"]

1.d4 Nf6 2.c4 g6 3.Nc3 Bg7 4.e4 d6 5.f3 O-O 6.Be3 e5 7.Nge2 c6 8.Qd2 Nbd7 
9.Rd1 a6 10.Nc1 exd4 11.Bxd4 b5 12.Be3 b4 13.Na4 Qa5 14.b3 Ne8 15.Nd3 Rb8 
16.Rc1 c5 17.Bh6 Qd8 18.Bxg7 Nxg7 19.Nf2 Qf6 20.Rd1 Ne8 21.Ng4 Qe6 22.Be2 
Ne5 23.Nxe5 Qxe5 24.O-O Kg7 25.Rfe1 f6 26.f4 Qe7 27.Bf3 Bb7 28.Re3 Bc6 29.
e5 fxe5 30.Bxc6 Rxf4 31.Bxe8 Rd4 32.Rd3 Qxe8 33.Rxd4 cxd4 34.Rf1 Qe6 35.
Nb2 a5 36.Qf2 Rc8 37.Nd3 h6 38.Re1 Qf5 39.Qxf5 gxf5 40.Nxe5 dxe5 41.Rxe5 
a4 42.Rxf5 Re8 43.Kf1 d3 44.Rf2 d2 45.Rxd2 axb3 46.axb3 Re3 47.Rb2 Rc3 48.
Ke1 Kf6 49.Rf2+ Ke5 50.Rf3 Rc2 51.Kf1 Kd4 52.h4 h5 53.Kg1 Ke4 54.Kh2 Rc1 
55.Kg3 Rc3 56.Kh3 Rc1 57.Kh2 Rc2 58.Rg3 Rc3 59.Rg5 Rxb3 60.Rxh5 Rc3 61.Rb5
Rxc4 62.Kh3 Kf4 63.g3+ Kf3 64.h5 Rc1 65.Rf5+ Ke3 66.Kh4 b3 67.Rb5 Rb1 68.
g4 Kf4 69.Rf5+ Ke4 70.Kg5 b2 71.Rb5 Kd4 72.h6 Ke4 73.Rb4+ Ke5 74.h7 Rh1 
75.Rxb2 Rxh7 76.Re2+ Kd6 77.Kg6 Rh8 78.Kg7 Rh3 79.g5 Rg3 80.g6 Rh3 81.Kf8 
Rf3+ 82.Kg8 Rg3 83.g7 Rg1 84.Rh2 1-0